Wszystkie przystanki linii 134 w Warszawie - Statystyki

Ogólne statystyki
  • Ten quiz został rozwiązany 8 razy
  • Średni wynik to 18 z 36
Statystyki odpowiedzi
Hint Odpowiedź % Poprawnych
5. PKP Toruńska
86%
7. PKP Toruńska
86%
6. Toruńska
86%
16. Głebocka
71%
17. Głebocka
71%
14. KS Polonez
71%
1. Metro Marymont
71%
36. Olesin
71%
15. Ostródzka
71%
18. Ostródzka
71%
4. Żerań FSO
71%
11. Metro Bródno
57%
10. Metro Bródno
57%
3. Osiedle Potok
57%
2. Park Kaskada
57%
35. Ruskowy Bród
57%
30. Zdziarska
57%
28. Zdziarska Kanał
57%
8. Bazyliańska
43%
23. Berensona
43%
22. Bohuna
43%
21. Juranda ze Spychowa
43%
33. Mańkowska
43%
24. Ostródzka Szkoła
43%
12. Suwalska
43%
9. Św Hieronima
43%
13. Turmoncka
43%
26. Małego Rycerza
29%
25. Małych Debów
29%
29. Verdiego
29%
32. Jarzębinowa
14%
20. Piasta Kołodzieja
14%
34. Tymotki
14%
19. Współczesna
14%
27. Pszeniczna
0%
31. Ruskowy Bród Szkoła
0%
Nie znaleziono quizów pasujących do podanych kryteriów
Rozkład punktacji
Procent ludzi z każdym wynikiem
Percentyl według liczby udzielonych odpowiedzi
Twoja historia wyników
Nie rozwiązałeś tego quizu